Investing in London's low carbon future (Record no. 106105)

MARC details
000 -LEADER
fixed length control field 01123cam a2200229 4500
001 - CONTROL NUMBER
control field ##L135601
008 - FIXED-LENGTH DATA ELEMENTS--GENERAL INFORMATION
fixed length control field 061114n2006 000 0 eng u
020 ## - INTERNATIONAL STANDARD BOOK NUMBER
International Standard Book Number 18526194141
-- 9781852619411
035 ## - SYSTEM CONTROL NUMBER
System control number (Sirsi) u135601
041 0# - LANGUAGE CODE
Language code of text/sound track or separate title eng
050 04 - LIBRARY OF CONGRESS CALL NUMBER
Classification number 333.72 $2 18
110 2# - MAIN ENTRY--CORPORATE NAME
Corporate name or jurisdiction name as entry element Ernst and Young
9 (RLIN) 3056
245 00 - TITLE STATEMENT
Title Investing in London's low carbon future
Remainder of title summary report
Medium [electronic resource]
260 ## - PUBLICATION, DISTRIBUTION, ETC.
Place of publication, distribution, etc. London
Name of publisher, distributor, etc. London Energy Partnership
Date of publication, distribution, etc. 2006
520 ## - SUMMARY, ETC.
Summary, etc. Identifies various delivery mechanisms to generate the £8bn investment required to deliver London's carbon reduction targets. These include the low intervention route, microgeneration and energy efficiency technologies and medium to large projects (including CHP). Also outlines actions for the London Energy Partnership.
590 ## - LOCAL NOTE (RLIN)
Local note KA
651 #4 - SUBJECT ADDED ENTRY--GEOGRAPHIC NAME
Geographic name LONDON
690 ## - LOCAL SUBJECT ADDED ENTRY--TOPICAL TERM (OCLC, RLIN)
Topical term or geographic name as entry element ENVIRONMENTAL AND LAND CONSULTANCY-ENERGY-ENERGY USE-ENERGY EFFICIENCY
710 2# - ADDED ENTRY--CORPORATE NAME
Corporate name or jurisdiction name as entry element London Energy Partnership
9 (RLIN) 5082
856 40 - ELECTRONIC LOCATION AND ACCESS
Uniform Resource Identifier <a href="https://www.lep.org.uk/uploads/investing_in_londons_low_carbon_future.pdf">https://www.lep.org.uk/uploads/investing_in_londons_low_carbon_future.pdf</a>
Public note View the report free of charge at www.london.gov.uk
942 ## - ADDED ENTRY ELEMENTS (KOHA)
Suppress in OPAC 0
Holdings
Withdrawn status Lost status Source of classification or shelving scheme Damaged status Not for loan Home library Current library Shelving location Date acquired Total Checkouts Full call number Barcode Date last seen Copy number Price effective from Koha item type
    Dewey Decimal Classification     Virtual Virtual Online 14/11/2006   ONLINE PUBLICATION 135601-2001 06/08/2019 1 06/08/2019 Book